Management de las empresas Estrategia y prc̀tica /

Detalles Bibliográficos
Autor principal: Sicard Ramr̕ez, Jaime
Formato: eBook
Lenguaje:español
Publicado: Bogot ̀: Ediciones de la U, 2010.
Materias:
Acceso en línea:Acceso restringido

MARC

LEADER 00000nam a22000007a 4500
005 20110901131735.0
008 110901t2010 ck ||||s|||| 00| 0 spa d
020 |a 978-958-446-857-4 
035 |a 5568 
040 |a vLex 
090 |c 2334  |d 2334 
100 1 |a Sicard Ramr̕ez, Jaime 
245 1 0 |a Management de las empresas  |b Estrategia y prc̀tica /  |c Jaime Sicard Ramr̕ez   |h [Recurso electrn̤ico] : 
256 |a Servicio en ln̕ea. 
260 |a Bogot ̀:  |b Ediciones de la U,   |c 2010. 
500 |a Enfrentar las complejidades del “management empresarial” en el mundo de hoy exige de la direccin̤ de la organizacin̤ el conocimiento, la estrategia y la prc̀tica para asegurar su sostenibilidad y crecimiento. Uno de los principales aportes de esta obra es abordar estas problemt̀icas de forma entendible, mediante la narracin̤ de experiencias reales, tanto del autor como de otros personajes.  
506 1 |a Contenido solo disponible en los productos indicados  |d vLex Global  |d vLex Global (Academic Edition, excluding Law Schools)  |d vLex Global (U.S. Academic Edition, Law Schools)  |d vLex Global (U.S. Academic Edition, excluding Law Schools)  |d vLex Global (Academic Edition, Law Schools) 
650 0 4 |a Empresas  |x Direccin̤ y administracin̤  |z Colombia 
740 0 |a vLex Libros (Servicio en ln̕ea) 
856 4 0 |u http://vlex.com/source/management-empresas-estrategia-practica-5568  |z Acceso restringido 
942 |c BOOK